Dobré a špatné zprávy o CRM

Dôležité manažérske a obchodné nástroje v bankovníctve. CRM systém ako nová funkcia pri kontakte so zákazníkom. Užívateľské rozhranie a práca s dátami. Priame prepojenie CRM systému s internetom. Interná a externá komunikácia. Aktuálne potreby zákazníkov v oblasti bankovníctva.

Gespeichert in:
Bibliographische Detailangaben
1. Verfasser: Hampejs, Petr
Format: Buchkapitel
Sprache:Tschechisch
Schlagworte:
Tags: Tag hinzufügen
Keine Tags, Fügen Sie das erste Tag hinzu!

MARC

LEADER 00000naa$a2200000$$$4500
001 0113325
005 20231129093258.2
041 0 |a cze 
044 |a CZ 
245 1 0 |a Dobré a špatné zprávy o CRM  |c Petr Hampejs 
520 |a Dôležité manažérske a obchodné nástroje v bankovníctve. CRM systém ako nová funkcia pri kontakte so zákazníkom. Užívateľské rozhranie a práca s dátami. Priame prepojenie CRM systému s internetom. Interná a externá komunikácia. Aktuálne potreby zákazníkov v oblasti bankovníctva. 
610 2 0 |a banky 
610 2 0 |a bankovníctvo 
610 2 0 |a systém CRM 
610 2 0 |a manažment produktový 
610 2 0 |a komunikácia marketingová 
610 2 0 |a riadenie vzťahov so zákazníkmi 
100 1 |a Hampejs, Petr